Gestión económico-financiera del circulante / (Record no. 28177)

MARC details
000 -LEADER
campo de control de longitud fija 00614nam a2200181 i 4500
001 - NÚMERO DE CONTROL
campo de control 28177
003 - IDENTIFICADOR DE NÚMERO DE CONTROL
campo de control ES-MaACL
007 - CAMPO FIJO DE DESCRIPCIÓN FÍSICA--INFORMACIÓN GENERAL
campo de control de longitud fija t|
008 - DATOS DE LONGITUD FIJA--INFORMACIÓN GENERAL
campo de control de longitud fija 030116s1982 sp ||||1| spa d
100 1# - ENTRADA PRINCIPAL--NOMBRE DE PERSONA
Nombre de persona Bachiller Cacho, Alfredo.
9 (RLIN) 24477
245 10 - MENCIÓN DEL TÍTULO
Título Gestión económico-financiera del circulante /
Mención de responsabilidad, etc. Alfredo Bachiller Cacho, Alberto Lafuente Félez, Vicente Salas Fumás.
260 ## - PUBLICACIÓN, DISTRIBUCIÓN, ETC.
Lugar de publicación, distribución, etc. Madrid :
Nombre del editor, distribuidor, etc. Pirámide,
Fecha de publicación, distribución, etc. [1982]
300 ## - DESCRIPCIÓN FÍSICA
Extensión 374 p. ;
Dimensiones 23 cm.
700 1# - ENTRADA AGREGADA--NOMBRE PERSONAL
Nombre de persona Lafuente Félez, Alberto.
9 (RLIN) 69537
700 1# - ENTRADA AGREGADA--NOMBRE PERSONAL
Nombre de persona Salas Fumás, Vicente.
9 (RLIN) 101758
852 ## - LOCALIZACIÓN
Ubicación ES-MaACL
Número de control de estantería L-4626
Sublocalización o colección R.104380
852 ## - LOCALIZACIÓN
Ubicación ES-MaACL
Número de control de estantería L-6956
Sublocalización o colección R.107926
Holdings
Estatus retirado Estado de pérdida Estado de daño No para préstamo Biblioteca de origen Biblioteca actual Ubicación en estantería Fecha de adquisición Fuente de adquisición Total de préstamos Signatura topográfica completa Código de barras Visto por última vez Precio de reemplazo Tipo de ítem Koha
        Biblioteca del Ateneo de Madrid Biblioteca del Ateneo de Madrid Depósito 2 17/01/2008     L-6956 1029090 23/02/2023 23/02/2023 Libro impreso
        Biblioteca del Ateneo de Madrid Biblioteca del Ateneo de Madrid Depósito 2 17/01/2008     L-4626 1029089 23/02/2023 23/02/2023 Libro impreso